Cinco obras de teatro / (Record no. 178526)

MARC details
000 -LEADER
campo de control de longitud fija 00857nam a22002295i 4500
001 - NÚMERO DE CONTROL
campo de control 178526
003 - IDENTIFICADOR DE NÚMERO DE CONTROL
campo de control ES-MaACL
005 - FECHA Y HORA DE LA ÚLTIMA TRANSACCIÓN
campo de control 20250901050853.0
008 - DATOS DE LONGITUD FIJA--INFORMACIÓN GENERAL
campo de control de longitud fija 110606s1994 sp |||| | spa d
020 ## - NÚMERO INTERNACIONAL ESTÁNDAR DEL LIBRO
Número Internacional Estándar del Libro 84-88217-01-3
080 ## - NÚMERO DE LA CLASIFICACIÓN DECIMAL UNIVERSAL
Número de la Clasificación Decimal Universal 821.134.2-23"19"
100 1# - ENTRADA PRINCIPAL--NOMBRE DE PERSONA
Nombre de persona Falcón, Lidia,
Fechas asociadas al nombre 1935-
9 (RLIN) 48707
245 10 - MENCIÓN DEL TÍTULO
Título Cinco obras de teatro /
Mención de responsabilidad, etc. Lidia Falcón.
246 34 - FORMA VARIANTE DEL TITULO
Texto de visualización Tít. de la cub.
Título propio/Titulo breve Teatro
250 ## - MENCION DE EDICION
Mención de edición 1ª ed.
260 ## - PUBLICACIÓN, DISTRIBUCIÓN, ETC.
Lugar de publicación, distribución, etc. Madrid :
Nombre del editor, distribuidor, etc. Vindicación Feminista,
Fecha de publicación, distribución, etc. 1994.
300 ## - DESCRIPCIÓN FÍSICA
Extensión 157 p. ;
Dimensiones 20 cm.
505 80 - NOTA DE CONTENIDO CON FORMATO
Nota de contenido con formato Contiene: Las mujeres caminaron con el fuego del siglo ; Tres idiotas españolas ; Siempre busqué el amor ; ¡Parid, parid, malditas! ; ¡Pague, calle y no moleste, señora!
710 2# - ENTRADA AGREGADA--NOMBRE DE ENTIDAD CORPORATIVA
Nombre de entidad corporativa o nombre de jurisdicción como elemento de entrada Vindicación Feminista
9 (RLIN) 170615
852 ## - LOCALIZACIÓN
Ubicación ES-MaACL
Número de control de estantería E-15292
Nota libre .- Dedicatoria autógrafa de la autora
Holdings
Estatus retirado Estado de pérdida Estado de daño No para préstamo Biblioteca de origen Biblioteca actual Ubicación en estantería Fecha de adquisición Fuente de adquisición Total de préstamos Signatura topográfica completa Código de barras Visto por última vez Precio de reemplazo Tipo de ítem Koha
        Biblioteca del Ateneo de Madrid Biblioteca del Ateneo de Madrid Depósito 2 06/06/2011     E-15292 1187530 23/02/2023 23/02/2023 Libro impreso